000 00230nam a22001097a 4500
041 _aENG
245 _aConsultation On Supplementary Irrigation
260 _aRome
_bFAO
_c1990
300 _a120
650 _aFAO
856 _uFAO (01)
999 _c2377
_d2377